000 00533nam a2200181Ia 4500
003 IN-BaIIA
008 211028s9999 xx 000 0 eng d
040 _cIIA Library
080 _a551.510.6
_bBRE
100 _aBremmer, H.
_92182
245 0 _aTerrestrial radio waves
_btheory of propagation
_cH. Bremmer
260 _aNew York
_bElsevier
_c1949
300 _ax, 343p.
650 _aAtmosphere
_9458
650 _aNASA thesaurus
650 _aTheory of propagation
_92183
942 _cBK
999 _c1012
_d1012